00606nam a22002057a 4500003000500000005001700005008004100022010001000063011001000073020001800083035001000101040000900111082001700120245009300137260007900230300001100309650002500320650002600345700002900371CHAP20220329133837.0120612s2010 ec a r 00010 spa d a11692 a12664 a9789978229552 a16063 cCHAP04a615.321bE8400aEtnomedicina y etnobotánica :bavances en la investigaciónc/editor Plutarco Naranjo aQuito, Ecuador :bUniversidad Andina Simón Bolívar :bAbya Yala,c2010 a298 p.04aBotánica médica.04aMedicina tradicional.1 aNaranjo, Plutarcoe, ed.